|
|
|
|
| LEADER |
00855nam a2200229Ia 4500 |
| 001 |
CTU_157310 |
| 008 |
210402s9999 xx 000 0 und d |
| 020 |
|
|
|c 29.95
|
| 082 |
|
|
|a 338.83
|
| 082 |
|
|
|b G313
|
| 100 |
|
|
|a Geisst, Charles R.
|
| 245 |
|
0 |
|a Deals of the century :
|
| 245 |
|
0 |
|b Wall Street, mergers, and the making of modern America
|
| 245 |
|
0 |
|c Charles R. Geisst
|
| 260 |
|
|
|a Hoboken, N.J.
|
| 260 |
|
|
|b Wiley
|
| 260 |
|
|
|c 2004
|
| 650 |
|
|
|a Consolidation and merger of corporations,Consolidation and merger of corporations,Tổ chức lại và sáp nhập các tập đoàn kinh tế,Tổ chức lại và sáp nhập các tập đoàn kinh tế
|
| 650 |
|
|
|x Tài chính
|
| 650 |
|
|
|z United States,Finance,Hoa Kỳ
|
| 904 |
|
|
|i Nguyên
|
| 980 |
|
|
|a Trung tâm Học liệu Trường Đại học Cần Thơ
|